000 01646nam a2200325Ia 4500
001 CRC0KE11363PDF
003 BD-DhSAU
005 20151012144304.0
006 m|||||o||d||||||||
007 cr||||
008 110310s2011 fluacd sb 001 0 eng d
020 _a9781439830093 (ebook : PDF)
040 _aBD-DhSAU
_cBD-DhSAU
090 _aRA1226
_b.M59 2011
092 _a615.902
_bM685
245 0 0 _aMixture toxicity
_h[electronic resource] :
_blinking approaches from ecological and human toxicology /
_cedited by Cornelis A.M. van Gestel ... [et al.].
260 _aBoca Raton :
_bCRC Press,
_c2011.
300 _axxxviii, 280 p. :
_bill., ports.
504 _aIncludes bibliographical references and index.
505 0 _ach. 1. Exposure / David J. Spurgeon ... [et al.] -- ch. 2. Toxicokinetics and toxicodynamics / Claus Svendsen ... [et al.] -- ch. 3. Toxicity from combined exposure to chemicals / Andreas Kortenkamp and Rolf Altenburger -- ch. 4. Test design, mixture characterization, and data evaluation / Martijs J. Jonker ... [et al.] -- ch. 5. Human and ecological risk assessment of chemical mixtures / Ad M.J. Ragas ... [et al.].
530 _aAlso available in print edition.
538 _aMode of access: World Wide Web.
650 0 _aEnvironmental toxicology.
650 0 _aMixtures
_xToxicology.
650 0 _aEnvironmental risk assessment.
655 7 _aElectronic books.
_2lcsh
700 1 _aGestel, Cornelis A. M. van.
776 1 _z9781439830086
856 4 0 _uhttp://marc.crcnetbase.com/isbn/9781439830093
_qapplication/PDF
999 _c11625
_d11624